M. I. Šilovová: Izučenije vospitannosti škoľnikov

Bibliographic Details
Main Authors: Farkaš, J. (Author), Šilovova, M. I. (Author)
Format: Article
Language:Slovak
Subjects:

MARC

LEADER 00000nab a2200000 a 4500
001 vtls000172278
003 SK-MaSNL
005 20260304052743.0
008 250422c1983 xo 0 slo
015 |a SNBRB19rr/mm-uuuuu 
035 |a CL0182390 
035 |a urn:nbn:sk:snk-ab4hl 
035 |a (urnnbn)urn:nbn:sk:snk:ar-0049wh 
035 |a (uuid)85ed9de7-e2a9-4872-8efa-d68dcfb3d058 
040 |a SNKBUCL  |b slo  |c SNKBUCL  |e AACR2 
041 0 |a slo 
044 |a xo  |c SK 
080 |a 37.001.5-053.5  |2 1981 
100 1 |a Farkaš, J.  |4 aut  |9 572979 
245 1 0 |a M. I. Šilovová: Izučenije vospitannosti škoľnikov  |c J. Farkaš ; M. I. Šilovova 
650 0 7 |a vychovanosť žiakov  |2 snkbucl  |9 1336335 
655 7 |a články z novín a časopisov  |2 snkbucl  |9 267496 
700 1 |a Šilovova, M. I.  |4 aut  |9 1336336 
773 0 |t Jednotná škola  |g Roč. 35, č. 10 (1983), s. 953-956 
787 0 8 |i Rec.:  |a Šilovova, M. I.  |t Izučenije vospitannosti škoľnikov  |d Moskva : Pedagogika, 1982 
850 |a Slovenská národná knižnica 
852 |a Slovenská národná knižnica 
954 |a odborná, vedecká literatúra pôvodná (slovenská)  |2 lita 
958 |a article27 
958 |a OND 
958 |a RK 
958 |a SU 
958 |a EUIPO 
992 |a RBX 
999 |c 2709749  |d 2711679